000 00845nam a2200241Ia 4500
003 OSt
005 20220926022208.0
006 a|||||r|||| 00| 0
007 ta
008 220923b |||||||| |||| 00| 0 eng d
037 _cGeneral Book
040 _aRTL
_cRTL
_beng
041 _2eng
_aeng
082 _aV1N45,93:3.N91, N1/UN
110 _aUNITED NATIONS, INTERNATIONAL ECONOMIC AND SOCIAL AFFAIRS (Departments of--)
_9326102
245 0 _aEmerging trends and issues in population and housing censuses.
260 _aNew York
_bUnited Nations
_c1991
300 _av,34p.
_ccm.
500 _aStatistics in methods series F, no. 52
700 _aUNITED NATIONS, INTERNATIONAL ECONOMIC AND SOCIAL AFFAIRS (Departments of--)
_9326103
942 _hV1N45,93:3.N91, N1/UN
_cGB
_2CC
999 _c638812
_d638812